Govt. of
Madhya Pradesh

India Todey The Remaking Of India 1975-2025 (Record no. 68646)

MARC details
000 -LEADER
fixed length control field 00297nam a22001097a 4500
082 ## - DEWEY DECIMAL CLASSIFICATION NUMBER
Classification number 001
100 ## - MAIN ENTRY--AUTHOR NAME
Personal name India Todey The Remaking Of India 1975-2025
245 ## - TITLE STATEMENT
Title India Todey The Remaking Of India 1975-2025
260 ## - PUBLICATION, DISTRIBUTION, ETC. (IMPRINT)
Place of publication Delhi
Name of publisher India Today
Year of publication 2026
650 ## - SUBJECT ADDED ENTRY--TOPICAL TERM
Topical Term magazine
942 ## - ADDED ENTRY ELEMENTS (KOHA)
Koha item type Books
Holdings
Withdrawn status Lost status Damaged status Not for loan Home library Current library Date acquired Cost, normal purchase price Full call number Accession Number Price effective from Koha item type
        MACL MACL 22/02/2026 200.00 001 DPI004088 22/02/2026 Books